000 00624nab a2200229 a 4500
001 57638
003 128964
005 20201118103337.0
008 ||||||n9999 ||| || ||
041 _aspa
100 _aEspriella Aldana, Carlos de la
245 0 _aAdecuacion de tierras y competitividad
260 _aBogotá :
_bSociedad de Agricultores de Colombia,
_c1996.
300 _app.111-113
562 _e0
650 _aCOLOMBIA
650 _aCOMPETITIVIDAD
650 _aSECTOR AGROPECUARIO
650 _aUSO DEL SUELO
773 _038903
_aRevista Nacional de Agricultura - No.914-915
942 _cSART
999 _c57638
_d57638